| 000 | 00436cam a2200169ua 4500 | ||
|---|---|---|---|
| 020 | _a0 13 730283 5 | ||
| 041 |
_aeng _h |
||
| 082 |
_a005.1 _bHAN/PR |
||
| 100 | _aHansen, Per Brinch . | ||
| 245 |
_aProgramming a personal computer / _cPer Brinch Hansen. _hTextual Documents |
||
| 250 |
_a1 / _b. |
||
| 260 |
_aNew Jersey : _bPrentice Hall Inc , _c1983. |
||
| 300 | _a388 ; . | ||
| 504 | _a | ||
| 942 | _cBK | ||
| 999 |
_c9795 _d9795 |
||